000 00515nam a22001697a 4500
005 20251108164124.0
008 250721s1998 xx 000 0 ara d
082 1 4 _aم/603/ندا
100 1 _aنداف، نزار
245 1 0 _aمعجم المصطلحات التقنية و العلمية :
_bروسي - عربي /
264 1 _aحلب :
_bدار القلم العربي،
_c1998.
300 _a448ص
650 1 7 _aمعاجم المصطلحات
650 1 7 _aالعلوم
942 _2ddc
_cREF
999 _c4189
_d4189